00520nam a2200157Ia 450000500170000000800410001704100080005808200150006610000270008124500490010826000380015730000090019565000250020499900190022995201140024820250729165342.0250729s2005 xx 000 0 und d aeng a370.3 SHAC aSharma Promila9221572 aEncyclopedia of Comparive Education vol - II aNew DelhibA P H Publishingc2005 a338p aEncyclopedia9221573 c235075d235075 00104070aALbALd2025-07-29eSita Book Housel0o370.3 SHACpBED00394r2025-07-29 16:53:42w2025-07-29yBK